Statistics for Tourism by Country: USA

Click here to take the quiz!

General Stats

  • This quiz has been taken 153 times
  • The average score is 25 of 40

Answer Stats

Data Answer % Correct
2.36 mFrance
96%
47.0 mNew York City
94%
28.7 mMexico
91%
2.89 mUnited Kingdom
91%
1.77 mGermany
91%
1.77 mChina
91%
12.5 mCanada
91%
3.58 mJapan
89%
2.03 mItaly
88%
38.1 mMiami
87%
2.26 mBrazil
81%
45.6 mChicago
80%
1.28 mAustralia
76%
36.4 mLas Vegas
75%
4.3 mYellowstone
69%
48.0 mOrlando
65%
1.45 mSouth Korea
63%
31.6 mHouston
62%
1.51 mNetherlands
59%
35.4 mAtlanta
59%
30.3 mPhiladelphia
55%
29.6 mSan Diego
50%
5.0 mYosemite
49%
1.51 mJamaica
37%
5.9 mGrand Canyon
37%
2.79 mDominican Republic
35%
4.3 mZion
12%
42.7 mAnaheim / OC
12%
11.3 mGreat Smoky Mountains
12%
2.9 mGlacier
12%
4.5 mRocky Mountain
11%
3.3 mAcadia
10%
3.4 mOlympic
9%
3.2 mGrand Teton
6%

Score Distribution

Percentile by Number Answered

Percent of People with Each Score

Your Score History

You have not taken this quiz